LEADER 02067nam 2200469 450 001 9910797179403321 005 20200123091139.0 010 $a2-8062-6144-9 035 $a(CKB)3710000000401440 035 $a(EBL)2030148 035 $a(Au-PeEL)EBL2030148 035 $a(OCoLC)904408750 035 $a(MiAaPQ)EBC2030148 035 $a(PPN)233409289 035 $a(EXLCZ)993710000000401440 100 $a20200123d2014 uy 0 101 0 $afre 135 $aur|n|---||||| 181 $ctxt$2rdacontent 182 $cc$2rdamedia 183 $acr$2rdacarrier 200 10$aComment ge?rer le stress au travail ? $eles conseils a? connai?tre pour s'en sortir /$fpar Ge?raldine de Radigue?s 210 1$a[Place of publication not identified] :$c50Minutes,$d[2014] 210 4$d©2014 215 $a1 online resource (33 p.) 225 0 $aCoaching pro ;$vNume?ro 2 300 $aDescription based upon print version of record. 311 $a2-8062-6145-7 327 $aPage de titre; Comment gérer le stress au travail ?; B.a.-ba du travailleur stressé; Qu'est-ce que le stress ?; La fuite; La lutte; L'inertie; Le stress, indicateur des limites personnelles; Dépasser le stress pour être soi; Passer de la survie à plus de créativité; La relation action-réaction; Le cloisonnement; De la survie à la créativité; Le stress en entreprise; Le contexte social; Les symptômes du stress au travail; Top conseils; FAQ; À quoi sert le stress ?; Comment reconnaître le stress ?; Que cache le stress ?; Comment vivre aux côtés d'un collègue stressé ? 327 $aComment évacuer le stress ?En résumé; Pour aller plus loin; Copyright 410 0$aCoaching 606 $aJob stress 615 0$aJob stress. 676 $a158.72 700 $aRadigue?s$b Ge?raldine de$01479102 801 0$bMiAaPQ 801 1$bMiAaPQ 801 2$bMiAaPQ 906 $aBOOK 912 $a9910797179403321 996 $aComment ge?rer le stress au travail$93695026 997 $aUNINA LEADER 03937nam 2200673 450 001 9910789073803321 005 20230803033735.0 010 $a3-11-030307-8 024 7 $a10.1515/9783110303070 035 $a(CKB)3390000000036791 035 $a(EBL)1113309 035 $a(SSID)ssj0001082098 035 $a(PQKBManifestationID)11587123 035 $a(PQKBTitleCode)TC0001082098 035 $a(PQKBWorkID)11108849 035 $a(PQKB)11513569 035 $a(MiAaPQ)EBC1113309 035 $a(DE-B1597)206455 035 $a(OCoLC)862932263 035 $a(OCoLC)881296454 035 $a(DE-B1597)9783110303070 035 $a(Au-PeEL)EBL1113309 035 $a(CaPaEBR)ebr10811355 035 $a(CaONFJC)MIL807995 035 $a(OCoLC)862938980 035 $a(EXLCZ)993390000000036791 100 $a20111102h20132013 uy 0 101 0 $aeng 135 $aurnn#---|u||u 181 $ctxt 182 $cc 183 $acr 200 00$aPaul Tillich $ejourney to Japan in 1960 /$fedited by Tomoaki Fukai; with a preface by Friedrich Wilhelm Graf 210 1$aBerlin ;$aBoston :$cDe Gruyter,$d[2013] 210 4$d©2013 215 $a1 online resource (248 p.) 225 1 $aTillich research ;$v4 300 $aIncludes index. 311 0 $a3-11-030299-3 327 $tFront matter --$tContents --$tPreface --$tA Commentary on Paul Tillich's Visit to Japan: May 3 - July 10, 1960 --$tPart A. Lectures --$tThe Philosophical Background of My Theology --$tThe Basic Ideas of Religious Socialism --$tReligion and Culture --$tGod as Reality and Symbol --$tSpiritual Foundation of Democracy. First Lecture: Philosophical Foundations --$tPart B. Dialogue with Buddhist in Kyoto --$tTillich encounters Japan --$tA talk by Dr. Paul Tillich given before the Study of Japanese Religious Group at the Seiken Kaikan on June 7, 1960 on The Demonic Problem: Demonization of Religion --$tPart C. Informal Report on Lecture Trip to Japan - Summer 1960 --$tInformal Report on Lecture Trip to Japan - Summer 1960 --$tPart D. Preface to Professor Tillich's Collected Lectures --$tPreface --$tPart E. Letters --$tLetters --$tPart F. Pictures --$tPictures --$tIndex of Names 330 $aGemeinsam mit seiner Frau Hannah reiste Paul Tillich von Mai bis Juli 1960 nach Japan. Diese Reise wird nun erstmals detailliert dokumentiert. Ediert werden alle von Tillich in Japan gehaltenen Vorträge und Vorlesungen sowie seine Dialoge mit prominenten Buddhisten in Kyoto. In diversen japanischen Archiven haben sich die im Zusammenhang der Reise geschriebenen Briefe zwischen Tillich und seinen überaus großzügigen Gastgebern finden lassen. In einem ausführlichen "Report" hat Tillich selbst die These vertreten, dass durch die vielfältigen Erfahrungen in Japan sein Denken über das Verhältnis zwischen dem Christentum und anderen Religionen tiefgreifend verändert worden sei. In der Tat war Tillich von der ihm zunächst so fremden Kultur tief beeindruckt. In einer minutiösen Rekonstruktion von Tillichs dichtem Besuchsprogramm kann Tomoaki Fukai zeigen, dass Tillich ein außergewöhnlich wahrnehmungssensibler Gesprächspartner war und seinen japanischen Gastgebern mit großer Neugier begegnete. Tomoaki Fukai schildert zudem den politischen Kontext von Tillichs offiziellem Besuch und seine touristischen Ausflüge. 410 0$aTillich research ;$vv. 4. 606 $aPhilosophical theology 610 $aBuddhism. 610 $acomparative religious studies. 610 $aintellectual history. 610 $ainterreligious dialogue. 615 0$aPhilosophical theology. 676 $a230.092 686 $aBH 2265$2rvk 700 $aTillich$b Paul$f1886-1965.$0159028 701 $aFukai$b Tomoaki$f1964-$01558569 801 0$bMiAaPQ 801 1$bMiAaPQ 801 2$bMiAaPQ 906 $aBOOK 912 $a9910789073803321 996 $aPaul Tillich$93823088 997 $aUNINA LEADER 01884oas 2200793 a 450 001 9910142889603321 005 20251106213014.0 011 $a1432-072X 035 $a(DE-599)1458451-7 035 $a(OCoLC)41978776 035 $a(CONSER) 2004233645 035 $a(CKB)954925510417 035 $a(EXLCZ)99954925510417 100 $a19990729a19749999 sy a 101 0 $aeng 135 $aurmnu|||||||| 181 $ctxt$2rdacontent 182 $cc$2rdamedia 183 $acr$2rdacarrier 200 10$aArchives of microbiology 210 $aHeidelberg $cSpringer-Verlag 300 $aRefereed/Peer-reviewed 300 $aSpringer website also lists issues from previous title. 311 08$a0302-8933 517 1 $aArch microbiol 606 $aMicrobiology$vPeriodicals 606 $aMicrobiologie$vPe?riodiques 606 $aMicrobiology$2fast$3(OCoLC)fst01019576 606 $aMicrobiologia$2thub 608 $aPeriodicals.$2fast 608 $aPeriodicals.$2lcgft 608 $aRevistes electròniques.$2thub 615 0$aMicrobiology 615 6$aMicrobiologie 615 7$aMicrobiology. 615 7$aMicrobiologia. 676 $a576.05 801 0$bIRU 801 1$bIRU 801 2$bOH1 801 2$bOCLCQ 801 2$bGUA 801 2$bOCLCQ 801 2$bMUQ 801 2$bOCL 801 2$bOCLCQ 801 2$bUKMGB 801 2$bOCLCQ 801 2$bOCLCO 801 2$bOCLCQ 801 2$bOCLCF 801 2$bOCLCO 801 2$bOCLCQ 801 2$bEZC 801 2$bDLC 801 2$bCEF 801 2$bAUD 801 2$bVT2 801 2$bNJT 801 2$bSFB 801 2$bCNMTR 801 2$bOCLCO 801 2$bOCLCQ 801 2$bUAB 801 2$bOCLCQ 906 $aJOURNAL 912 $a9910142889603321 996 $aArchives of microbiology$9800303 997 $aUNINA